VILLES ALENTOURS DE CLERMONT-FERRAND - Statistiques

Statistiques générales
  • Ce quiz a été pris 562 fois
  • Le résultat moyen est 11 sur 25
Statistiques - réponses
Distance en km Ville % Correct
1.3 Chamalières
83%
3.7 Aubière
81%
2.8 Beaumont
72%
7 Gerzat
68%
5.9 Cebazat
66%
3.2 Royat
66%
9.6 Cournon d’Auvergne
59%
8.8 Lempdes
55%
5.5 Ceyrat
51%
3.1 Durtol
50%
6.4 Aulnat
49%
5.5 Romagnat
49%
5.5 Orcines
41%
5.5 Blanzat
38%
10 Le Cendre
33%
9.2 La Roche-Blanche
26%
4.2 Nohanent
25%
6.3 Perignat-Lès-Sarliève
25%
7.5 Châteaugay
22%
5.8 Sayat
22%
10 Volvic
22%
8.8 Malintrat
20%
10 Orcet
20%
8.4 Saint-Genès-Champanelle
14%
8 Malauzat
10%
Aucun quiz correspondant
Distribution des résultats
% des personnes avec chaque résultat
Percentile par nombre de réponses
Votre historique - résultats
Vous n’avez pas pris ce quiz